000 01096nam a2200325 i 4500
003 DO-SdBNP
005 20230814125756.0
008 100322s2017 dr a a 000 0 spspa d
020 _a9789945196061
040 _aDO-SdBNP
_bspa
_cBPMSU
_erda
082 4 _aRD863.5
_bR282ll 2019
_222
100 1 _aRead Escobal, Virginia,
_d1963-
100 z _aEscobal, Virginia Read,
_d1963-
245 1 0 _aLleva un libro en la maleta /
_cVirginia Read Escobal ; ilustraciones, Lucia Sforza
264 _aSanto Domingo :
_bSantillana,
_c2017
300 _a39 páginas:
_bilustraciones ;
_c23 cm.
336 _2rdacontent
_atexto
_btxt
337 _2rdamedia
_asin mediación
_bn
338 _2rdacarrier
_avolumen
_bnc
490 0 _aLoqueleo
_aInfantil
500 _aIncluye datos biográficos del autora en la contracubierta
500 _a
521 _a
590 _aInventariado, 2023/VM
650 4 _aCuentos infantiles dominicanos
650 4 _aLiteratura infantil dominicana
700 1 _aSforza, Lucia,
_eilustraciones
910 _aVMateo V. Control de calidad. BPMSU
942 _2ddc
_cBK
999 _c14461
_d14461